Normal view
MARC view
- Parti.N.M.etal.
Entry Personal Name
001 - CONTROL NUMBER
- control field: 964
003 - CONTROL NUMBER IDENTIFIER
- control field: OSt
005 - DATE AND TIME OF LATEST TRANSACTION
- control field: 20161026133828.0
008 - FIXED-LENGTH DATA ELEMENTS
- fixed length control field: 161026|| aca||aabn | a|a d
040 ## - CATALOGING SOURCE
- Original cataloging agency: OSt
100 ## - HEADING--PERSONAL NAME
- Personal name: Parti.N.M.etal.